Television Quiz

Random Television or War Quiz

Robot Wars Series 5 Quiz Stats

 Plays Quiz not verified by Sporcle

Score 0/96 Timer 18:00
0 Plays Today
Hint Robot % Correct
Heat AChaos 2
97.7%
Heat BHypno-Disc
94.2%
Heat KRazer
94.2%
Heat AS.M.I.D.S.Y.
92.7%
Heat DFirestorm 3
91.8%
Heat GTornado
91.8%
Heat CS3
91.5%
Heat IBigger Brother
90.9%
Heat LPussycat
90.4%
Heat HWheely Big Cheese
90.1%
Heat JPanic Attack
90.1%
Heat CStinger
89.5%
Heat EWild Thing
89.2%
Heat BBulldog Breed 3
88.3%
Heat GSpawn Again
88.3%
Heat KSuicidal Tendencies
88%
Heat FDominator 2
86.8%
Heat HBehemoth
86.8%
Heat CPlunderbird 5
86.5%
Heat DGemini
86.5%
Heat LFluffy
86.5%
Heat AThe Steel Avenger
86.3%
Heat I3 Stegs To Heaven
86%
Heat L101
86%
Heat BAtomic 2
85.4%
Heat GDiotoir
84.8%
Heat CMousetrap 2
83.9%
Heat HAxe Awe
83.9%
Heat EThermidor 2
83%
Heat KRick
82.7%
Heat LTerrorhurtz
82.7%
Heat ISplinter
81.9%
Hint Robot % Correct
Heat JKat 3
81.9%
Heat FX-Terminator
80.4%
Heat JMini Morg
80.1%
Heat DReactor 2
78.4%
Heat FKing B Powerworks
77.5%
Heat A8645T
77.2%
Heat F13 Black
77.2%
Heat LMing 3
77.2%
Heat AStorm Force
76.9%
Heat DSir Chromalot
76.6%
Heat GDome
76.6%
Heat FCorkscrew
76%
Heat HSupernova
75.7%
Heat KWidow's Revenge
75.7%
Heat KSumpthing
75.4%
Heat FDerek
74.9%
Heat GGravedigger
74%
Heat BBlack Widow
73.4%
Heat HGranny's Revenge
73.4%
Heat HWolverine
72.8%
Heat ENapalm 2
72.5%
Heat HRobochicken Evo
71.9%
Heat HCrushtacean
71.9%
Heat AT-Bone
70.2%
Heat JMajor Tom
70.2%
Heat KBig Nipper
70.2%
Heat CShredder
69.9%
Heat BKan Opener
69.3%
Heat GEvolution
69.3%
Heat ITip Top
69%
Heat BWowot
68.1%
Heat BLambsy
68.1%
Hint Robot % Correct
Heat JTiberius 2
68.1%
Heat EPrizephita Mach 2
67.5%
Heat LClawed Hopper
67%
Heat IEleven
66.7%
Heat GHydra
66.4%
Heat FKronic 2
65.5%
Heat CGeneral Carnage 2
64.6%
Heat EWarhog
64%
Heat JBarber-Ous
64%
Heat ITetanus
62.6%
Heat AThe Tartan Terror
62.3%
Heat CHippobotamus
62.3%
Heat DRuf Ruf Dougal
62%
Heat ETrouble & Strife
61.7%
Heat EThe Alien
61.4%
Heat IOnslaught
61.4%
Heat KDestruct-A-Bubble
61.4%
Heat GSabre Tooth
61.1%
Heat AObsidian
59.1%
Heat LTwister
55.3%
Heat CGuzunderbot
53.8%
Heat DBot Out Of Hell
53.5%
Heat EVelocirippa
52.3%
Heat IViper 01
52.3%
Heat KAxe-C-Dent
49.7%
Heat BJuggernot 2
48%
Heat DBee-Capitator
47.7%
Heat FImmortalis
47.1%
Heat LThe Executioner
46.5%
Heat JKliptonite
46.2%
Heat DRohog
45.3%
Heat JMonad
43%

You're not logged in!

Compare scores with friends on all Sporcle quizzes.
OR
Log In

Show Comments

Extras

Created Nov 21, 2010ReportNominate
Tags:War Quiz, competed, robot, Robot Wars

Top Quizzes Today


Score Distribution

Your Account Isn't Verified!

In order to create a playlist on Sporcle, you need to verify the email address you used during registration. Go to your Sporcle Settings to finish the process.

Report this User

Report this user for behavior that violates our Community Guidelines.

Details: